Brochazos

Պահպանված է:
Մատենագիտական մանրամասներ
Հիմնական հեղինակ: Peralta Lagos, José María
Ձևաչափ: Գիրք
Լեզու:Undetermined
Հրապարակվել է: San Salvador, El Salvador Ministerio de Educación 1961
Հրատարակություն:2
Խորագրեր:
Ցուցիչներ: Ավելացրեք ցուցիչ
Չկան պիտակներ, Եղեք առաջինը, ով նշում է այս գրառումը!

MARC

LEADER 00000nam a2200000Ia 4500
008 170316s9999 xx 000 0 und d
040 |a cru BVZT 
090 |a 860 P-18b 
100 |a Peralta Lagos, José María 
245 |a Brochazos 
250 |a 2 
260 |a San Salvador, El Salvador  |b Ministerio de Educación  |c 1961 
300 |a 203páginas 
650 |a LITERATURA LATINOAMERICANA 
760 |b 2 
999 |c 9080  |d 9080 
942 |c 15 D  |h 860 P-18b  |2 z